000 00723nam a2200265 a 4500
003 AR-BaBNM
005 20251128210324.0
008 082120s2002 ||||||||||||||000 | spa||
040 _cAR-BaBNM
100 1 _aRamallo, Jorge María
245 0 0 _aDecálogo del conocimiento histórico
260 _aBuenos Aires
_bFundación Nuestra Historia
_c1997
300 _a27 p.
490 0 _aCuadernos
_vv. 1
504 _aBibliografía para consultar p. 26-27
650 4 _aHISTORIOGRAFIA
650 4 _aHISTORIA
650 4 _aHISTORIADORES
650 4 _aHISTORIOGRAFIA
650 4 _aANALISIS HISTORICO
650 4 _aFILOSOFIA DE LA HISTORIA
650 4 _aINVESTIGACION HISTORICA
942 _cBK
998 _cMariana
999 _c14953
_d14953